[Event "24th Barcelona Open-A 2019"]
[Site "Barcelona"]
[Date "2019.10.03"]
[Round "7.5"]
[White "Gharamian, Tigran"]
[Black "Aroshidze, Levan"]
[Result "1-0"]
[WhiteElo "2590"]
[BlackElo "2517"]
[Annotator "TA"]
[PlyCount "83"]
[EventDate "2019.09.27"]
[EventType "swiss"]
[EventCountry "ESP"]
[SourceTitle "playchess.com"]
[Source "ChessBase"]
[SourceQuality "1"]

{[%evp 14,83,43,31,49,42,54,54,72,66,123,118,111,89,98,51,85,49,72,36,126,24,83,69,44,26,24,27,39,46,37,-43,-45,-35,-43,-41,-36,-206,-168,-206,-208,-210,-213,-208,-189,-170,-86,-95,-79,-77,0,0,0,-583,-542,-628,-617,-559,-531,-1281,-1271,-968,0,0,42,43,1138,1107,29982,29983,29982,29983]} 1. e4 c5 2. Nf3 e6 3. d4 cxd4 4. Nxd4 a6 5. c4 Nf6 6. Nc3 Qc7 7. Be2 Bb4 8. Nc2 Be7 {B41: Sicilian: Kan Variation: 5 c4} 9. f4 d6 10. O-O O-O {White is slightly better.} (10... Nbd7 11. Be3 b6 12. Rc1 O-O 13. Nd4 Bb7 14. Bf3 Nc5 15. Qc2 Rac8 16. g4 {1-0 (56) Grandelius,N (2688)-Hillarp Persson,T (2563) Malmo 2019}) 11. g4 Re8 $146 (11... h6 $14) ({Predecessor:} 11... Nc6 12. g5 Nd7 13. Be3 Rd8 14. Rc1 Bf8 15. Qe1 b6 16. Qh4 {1-0 (26) Boruchovsky,A (2558)-Kantsler,B (2422) Jerusalem 2018}) 12. g5 $16 Nfd7 13. Qd3 Nc6 14. b3 b6 15. Bd2 Bb7 16. Qh3 Qd8 (16... d5 $1 $14) 17. Qg3 (17. Rad1 $1 $16) 17... Bf8 (17... d5 $11) 18. Rae1 Rc8 19. h4 b5 20. cxb5 axb5 21. Bxb5 Na7 22. Bc4 ({White should try} 22. Ba4 $1 $14) 22... d5 $1 $15 {[%cal Rd5c4]} 23. exd5 Nb6 24. Bd3 Nxd5 25. Be4 $2 (25. Na4 $15) 25... Nxc3 $1 $19 {[%mdl 64] Discovered Attack} 26. Bxc3 Nb5 27. Rf3 Bxe4 (27... Nxc3 28. Rxc3 Qa5 29. Rxc8 $17) 28. Rxe4 Qd1+ (28... Nxc3 29. Rxc3 Qa5 30. Rec4 $17) 29. Ne1 Red8 ({Resist} 29... Nxc3 30. Rxc3 Qa1 31. Rxc8 $11) ({Black should play} 29... Nd6 $1 $19 {[%cal Rd6e4]} 30. Re5 Nf5) 30. Be5 Rc1 $36 {[%mdl 2048] Black is in control.} 31. Kh2 {[#]} Bb4 (31... Rc2+ $1 $17 {[%mdl 512]} 32. Kh3 (32. Nxc2 Qxc2+) 32... Rxa2) 32. Rxb4 $11 Qd2+ 33. Kh3 $2 {[%mdl 8192]} (33. Qf2 $11 {and White stays safe.} Rxe1 34. Qxd2 (34. Rxb5 $2 Re2 $19) 34... Rxd2+ 35. Kh3) 33... Rxe1 $19 ({Not} 33... Qxb4 34. Nd3 $14) 34. Rxb5 {Strongly threatening Bc7.} Rh1+ 35. Kg4 {[#] And now Qf2 would win.} Qc2 $1 {[%cal Rc2f5] ( -> ...Qf5+)} 36. f5 exf5+ 37. Rxf5 Qe2+ $2 (37... Qe4+ $19 38. Bf4 Qe2+ {[%mdl 64] Double Attack} 39. Qf3 {[#]} Rxh4+ $1 {[%mdl 576] Deflection} 40. Kxh4 Qxf3) 38. Qf3 $11 Rg1+ 39. Bg3 Rd4+ $2 {[%mdl 8192] [#]} (39... Qe1 $14) 40. Kh3 $1 $18 {Threatening mate with Rb8+.} Rh1+ 41. Qxh1 Qg4+ 42. Kh2 {Accuracy: White = 45%, Black = 55%.} 1-0

[Event "24th Barcelona Open-A 2019"]
[Site "Barcelona"]
[Date "2019.10.03"]
[Round "7.6"]
[White "Bharath Subramaniyam H"]
[Black "Ivanisevic, Ivan"]
[Result "1/2-1/2"]
[WhiteElo "2417"]
[BlackElo "2618"]
[Annotator "TA"]
[PlyCount "113"]
[EventDate "2019.09.27"]
[EventType "swiss"]
[EventCountry "ESP"]
[SourceTitle "playchess.com"]
[Source "ChessBase"]
[SourceQuality "1"]

{[%evp 11,112,-5,28,8,37,35,32,0,0,2,12,0,6,2,9,6,22,9,10,0,0,0,0,-4,-5,-6,1,0,24,20,37,0,0,0,43,0,0,0,-34,-91,-91,-89,-84,-109,-24,-27,-30,-93,-56,-111,-40,-40,-32,-30,-25,-29,0,0,0,0,0,0,0,0,0,0,0,0,0,0,52,0,0,0,0,0,0,0,80,80,100,100,100,94,100,52,52,52,92,23,23,24,28,8,92,92,91,0,0,0,0,0,1255]} 1. e4 e5 2. Nf3 Nc6 3. Bb5 a6 4. Ba4 Nf6 5. Qe2 b5 6. Bb3 Na5 (6... Bc5 {feels hotter.} 7. a4 Bb7 8. O-O O-O 9. d3 Na5) 7. O-O {C77: Ruy Lopez: 3...a6 4 Ba4 Nf6, unusual lines} (7. d4 {is more complex.} Bb7 8. Bg5 d6 9. Nbd2 h6 10. Bh4) 7... Nxb3 (7... c5 {looks sharper.} 8. d3 d6 9. Bd2 Nc6 10. Nc3 Be7) 8. axb3 Bb7 9. d3 {White is slightly better.} (9. Nc3 Be7 10. d4 exd4 11. Nxd4 O-O 12. e5 b4 13. Na4 Ne4 14. Nf5 f6 {1-0 (27) Grigoriants,S (2566)-Mikhalevski,A (2437) Pardubice 2010}) 9... d6 10. b4 Be7 11. Nbd2 O-O 12. Nb3 d5 13. Na5 dxe4 14. Nxe5 $146 ({Predecessor:} 14. Nxb7 exf3 15. Qxf3 {1-0 (53) Kellner,J-Arvidsson,E ICCF corr 1961}) 14... exd3 15. Qe3 Qd5 {[%csl Gb7][%cal Rd5g2]} 16. Nxb7 Qxb7 17. Nxd3 Rfe8 18. Qh3 Qc6 19. c3 Bf8 20. Be3 Ne4 21. Rfe1 Qc4 22. Bd4 f6 23. Re3 Ng5 24. Qd7 Ne6 25. Nf4 (25. Nc5 $15 Rad8 26. Qc6 Nxd4 27. cxd4 Rxe3 28. fxe3) 25... Rad8 $17 26. Qxe6+ Rxe6 27. Nxe6 Rd5 (27... Re8 $17 28. Nxf8 Rxe3 29. fxe3 Kxf8 30. Rxa6 Ke7) 28. Nxf8 $11 Kxf8 29. Rae1 (29. h4 $11) 29... h5 30. h4 ({White should play} 30. Re8+ $15 Kf7 31. R1e7+ Kg6 32. g3 (32. Rg8 $2 Rxd4 {[%mdl 64] Discovered Attack} 33. Rexg7+ Kf5 $19)) 30... Rxd4 (30... Rd7 $17) 31. cxd4 $15 Qxb4 $17 {[%mdl 4096] Endgame KQ-KRR} 32. b3 a5 33. d5 a4 34. bxa4 bxa4 35. Re4 Qc3 36. R4e3 Qb2 37. Re8+ Kf7 38. R8e7+ Kg6 39. Rxc7 Qd4 $1 40. g3 a3 (40... Qxd5 $11 41. Ra7 Qd4) 41. Rc2 (41. Rcc1 $14 Qxd5 42. Ra1) 41... Qxd5 $11 42. Ra1 Kf5 43. Kh2 Qf3 44. Rc5+ Kg6 (44... Ke6 $11 {remains equal.} 45. Kg1 g5 $1 {[%mdl 512]}) 45. Kg1 $16 f5 46. Ra5 f4 47. R5xa3 Qe2 48. gxf4 Qe4 49. Rg3+ Kh7 50. Ra7 (50. Rg5 $16) 50... Qe1+ 51. Kg2 Qe4+ 52. Kh2 Qxf4 (52... Kh6 $11 {keeps the balance.}) 53. Raxg7+ Kh8 {[#]} 54. Kg1 ({White should try} 54. Rg8+ $1 $16 Kh7 55. Kg1) 54... Qc1+ $11 55. Kg2 {Strongly threatening R7g5.} Qc6+ 56. Kh2 Qh1+ 57. Kxh1 {Accuracy: White = 64%, Black = 46%.} 1/2-1/2

[Event "24th Barcelona Open-A 2019"]
[Site "Barcelona"]
[Date "2019.10.03"]
[Round "7.7"]
[White "Moussard, Jules"]
[Black "Priasmoro, Novendra"]
[Result "1/2-1/2"]
[WhiteElo "2608"]
[BlackElo "2484"]
[Annotator "TA"]
[PlyCount "100"]
[EventDate "2019.09.27"]
[EventType "swiss"]
[EventCountry "ESP"]
[SourceTitle "playchess.com"]
[Source "ChessBase"]
[SourceQuality "1"]

{[%evp 18,100,13,12,21,26,23,24,22,17,20,21,24,17,13,0,12,0,0,0,0,0,0,0,0,0,0,0,0,0,0,0,0,0,0,0,0,0,0,0,0,0,0,0,0,0,0,0,0,0,0,0,0,0,0,0,0,0,0,0,0,0,0,0,0,0,0,0,0,0,0,0,0,0,0,0,0,0,0,0,0,0,0,0,0]} 1. e4 c5 2. Nf3 Nc6 3. Bb5 g6 4. c3 Bg7 5. O-O Nf6 6. Qe2 O-O 7. d4 cxd4 8. cxd4 d5 9. e5 Ne4 10. Nc3 Bg4 {[#] Threatens to win with ...Nxd4! B31: Sicilian: 2...Nc6 3 Bb5 g6} (10... Bf5 11. Bxc6 bxc6 12. Nh4 e6 13. Nxf5 exf5 14. Na4 c5 15. Nxc5 Nxc5 16. dxc5 Qc7 17. f4 Qxc5+ 18. Be3 {½-½ (32) Aronian,L (2758)-Le,Q (2708) Khanty-Mansiysk 2019}) 11. Bxc6 Nxc3 12. bxc3 bxc6 {White has an edge.} 13. Ba3 Qd7 14. h3 Bxf3 15. Qxf3 Rfb8 {The position is equal.} 16. Rfe1 $146 ({Predecessor:} 16. Rab1 Bf8 17. g4 Qc8 18. Rbc1 {1-0 (40) Shaw,T (2355)-Ruisinger,W Zuerich 1982}) 16... Rb7 17. g4 e6 18. Rab1 Rab8 19. Rxb7 Rxb7 20. Rc1 Bh6 21. Rc2 Rb1+ 22. Kg2 Bf8 23. Bxf8 Kxf8 $11 {[%mdl 4096] Endgame KQR-KQR} 24. c4 dxc4 25. Rxc4 Qd5 26. Qxd5 cxd5 {KR-KR} 27. Ra4 Rb7 28. h4 h5 29. f3 Kg7 30. Kg3 Rc7 31. Kf4 Kh6 32. a3 hxg4 33. Kxg4 Rb7 34. Ra6 Rc7 35. f4 Kg7 36. h5 gxh5+ 37. Kxh5 Rc4 38. Rxa7 {Black must now prevent f5!} Rxd4 39. f5 exf5 40. e6 Kf6 41. exf7 Kg7 42. Kg5 f4 43. Kg4 Rc4 44. Kf3 Re4 45. a4 Rc4 46. a5 Ra4 47. a6 Kf8 48. Kg4 Kg7 49. Kf3 Kf8 50. Kg4 Kg7 {Accuracy: White = 71%, Black = 93%.} 1/2-1/2

[Event "24th Barcelona Open-A 2019"]
[Site "Barcelona"]
[Date "2019.10.03"]
[Round "7.8"]
[White "Ladron De Guevara Pinto, Paolo"]
[Black "Shevchenko, Kirill"]
[Result "1/2-1/2"]
[WhiteElo "2447"]
[BlackElo "2541"]
[Annotator "TA"]
[PlyCount "48"]
[EventDate "2019.09.27"]
[EventType "swiss"]
[EventCountry "ESP"]
[SourceTitle "playchess.com"]
[Source "ChessBase"]
[SourceQuality "1"]

{[%evp 15,48,6,7,0,0,0,8,0,18,16,18,15,14,18,18,12,15,18,9,22,14,0,4,0,0,0,0,0,0,0,6,5,17,13,48]} 1. d4 Nf6 2. c4 g6 3. Nc3 d5 4. cxd5 Nxd5 5. e4 Nxc3 6. bxc3 Bg7 7. Nf3 c5 8. Bb5+ Nc6 {[%cal Rc5d4] The position is equal.} 9. Rb1 {D85: Exchange Grünfeld: Unusual White 7th moves and lines with 7 Nf3} O-O {[%cal Rc5d4]} 10. d5 Ne5 11. O-O (11. Nxe5 Bxe5 12. O-O a6 13. Be2 Bxc3 14. Be3 Qa5 15. h4 Rb8 16. h5 Bd7 {1-0 (43) Yu,Y (2763)-Nepomniachtchi,I (2776) Khanty-Mansiysk 2019}) 11... Qc7 12. Be3 $146 ({Predecessor:} 12. Nxe5 Bxe5 13. f4 Bxc3 14. Be3 b6 15. Qb3 Bg7 16. Bc6 Rb8 17. Bxc5 {1-0 (44) Viale,F (1834)-Squillante,M (1709) Ceriano Laghetto 2014}) 12... Nxf3+ 13. Qxf3 f5 14. Bc4 {[#] And now d6+ would win.} Kh8 $1 15. Bf4 fxe4 16. Bxc7 exf3 17. Rfe1 Bf6 18. gxf3 b6 19. f4 Bb7 20. Re6 Bc8 21. Re3 Bd7 22. Ba6 Rae8 23. Rbe1 Kg7 24. Kg2 Bh4 {Accuracy: White = 81%, Black = 55%.} 1/2-1/2

[Event "24th Barcelona Open-A 2019"]
[Site "Barcelona"]
[Date "2019.10.03"]
[Round "7.9"]
[White "Firman, Nazar"]
[Black "Ayats Llobera, Gerard"]
[Result "1-0"]
[WhiteElo "2495"]
[BlackElo "2384"]
[Annotator "TA"]
[PlyCount "70"]
[EventDate "2019.09.27"]
[EventType "swiss"]
[EventCountry "ESP"]
[SourceTitle "playchess.com"]
[Source "ChessBase"]
[SourceQuality "1"]

{[%evp 17,70,-17,-18,-20,31,34,30,19,37,43,85,3,65,21,146,7,84,72,77,80,183,174,184,198,181,139,180,189,182,124,127,114,150,138,135,143,175,174,162,163,186,186,192,181,241,253,270,181,243,172,190,179,354,318,343]} 1. e4 e6 2. d4 d5 3. Nc3 Bb4 4. a3 Bxc3+ 5. bxc3 dxe4 6. Qg4 Nf6 7. Qxg7 Rg8 8. Qh6 Rg6 9. Qd2 Nc6 10. Ne2 {C15: French: 3 Nc3 Bb4: Unusual White 4th moves} e5 (10... b6 $11) (10... b6 11. c4 Bb7 12. Bb2 Qd6 13. h3 O-O-O 14. O-O-O Ne7 15. Qf4 h5 16. Rg1 Ba6 17. Qe5 Qxe5 18. dxe5 {½-½ (54) Nepomniachtchi,I (2717)-Rapport,R (2693) Biel 2013}) 11. dxe5 $14 Qxd2+ 12. Bxd2 {White has an edge.} Nxe5 13. Bf4 Ned7 $146 ({Predecessor:} 13... Nc6 14. Bxc7 Nd5 15. Bg3 Bg4 16. O-O-O O-O-O 17. c4 Nb6 18. Rxd8+ Kxd8 {1-0 (43) Hess,R (2568)-Wheeler,C (2384) Las Vegas 2017}) 14. Ng3 (14. Bxc7 $16 Nd5 15. Bg3) 14... b6 (14... Nd5 $11 15. Bd2 Nc5) 15. Bb5 a6 (15... Nd5 $11 {keeps the balance.} 16. Bd2 Bb7) 16. Bxd7+ ({Better is} 16. Bc6 $16 Ra7 17. O-O-O) 16... Nxd7 (16... Kxd7 $11 17. O-O Nd5) 17. Bxc7 Rc6 18. Bf4 Bb7 (18... Nf6 $16) 19. O-O-O $1 $36 {[%mdl 2048] White has strong initiative.} Rxc3 20. Nf5 {aiming for Nd6+.} Bc6 21. Nd6+ Kf8 {[#]} 22. Nf5 $1 Ba4 {[#]} 23. Rd2 (23. Rd4 $1 $18 Nc5 24. Kb1 (24. Bd6+ Kg8 $16)) 23... Kg8 $16 24. Rhd1 h5 25. Kb2 Rc5 26. Ne3 ({Don't play} 26. Rxd7 $6 Rxc2+ 27. Kb1 Bxd7 $11) 26... Nf8 27. Rd4 Bc6 {White should prevent ...Ne6.} 28. Rd8 Kg7 {...Rxd8 is the strong threat.} 29. Rxa8 Bxa8 30. Rd8 Bc6 (30... Rb5+ $142 31. Kc1 Ne6 32. Rxa8 Nxf4) 31. Bd6 $1 $18 {[%csl LRc5,LRf8]} Rb5+ 32. Kc1 Ng6 (32... Ne6 {keeps fighting.} 33. Rb8 Kf6) 33. g3 h4 34. g4 h3 $2 (34... Kh7 {might work better.} 35. Rb8 Kh6) 35. Nf5+ Kf6 {Accuracy: White = 64%, Black = 24%.} 1-0

[Event "24th Barcelona Open-A 2019"]
[Site "Barcelona"]
[Date "2019.10.03"]
[Round "7.10"]
[White "Barseghyan, Harutyun"]
[Black "Semenov, Dmitri"]
[Result "0-1"]
[WhiteElo "2500"]
[BlackElo "2366"]
[Annotator "TA"]
[PlyCount "93"]
[EventDate "2019.09.27"]
[EventType "swiss"]
[EventCountry "ESP"]
[SourceTitle "playchess.com"]
[Source "ChessBase"]
[SourceQuality "1"]

{[%evp 12,93,0,0,2,6,0,-2,7,0,-12,-27,-40,-49,-49,-70,0,0,-6,-6,8,-14,-28,-93,-69,-100,-87,-75,-54,-52,0,0,0,-24,-5,-6,0,0,0,-73,-69,-67,-68,-65,-59,-56,-15,-226,-212,-265,-248,-580,-159,-155,-110,-227,-138,-145,-147,-144,-111,-234,-237,-235,-234,-312,-216,-234,-234,-218,-197,-346,-346,-707,-667,-607,-575,-517,-232,-356,-349,-203,-183,-307]} 1. d4 d5 2. c4 e6 3. Nf3 Nf6 4. g3 Be7 5. Bg2 O-O 6. Nc3 Nbd7 7. Qd3 b6 {E06: Closed Catalan: Early deviations} (7... c6 8. O-O b6 9. b3 a5 10. Bb2 Ba6 11. Rfd1 Rc8 12. Rac1 Qc7 13. e4 Rfd8 14. exd5 cxd5 15. Nb5 Qb8 16. a4 Bb7 17. Qe2 {1-0 (46) Cheparinov,I (2667)-Ponomariov,R (2675) Hengshui 2019}) 8. cxd5 exd5 9. Bf4 Bb7 {The position is equal.} 10. Ne5 Re8 $146 ({Predecessor:} 10... Rc8 11. Rd1 c6 12. O-O Re8 13. Rfe1 Nf8 14. a3 Ne6 15. Bc1 {0-1 (43) Hochgraefe,M (2290)-Weyrich,M (2350) Germany 1998}) 11. Nxd7 Qxd7 12. Qb5 {White wants to play Qxd7.} c6 13. Qa4 Bd6 ({Better is} 13... b5 $15 14. Qd1 c5) 14. Bxd6 $11 Qxd6 15. O-O h5 16. Rac1 {[#]} h4 $1 {[%mdl 512]} 17. b4 (17. Qc2 $11 {keeps the balance.}) (17. gxh4 Ng4) 17... b5 18. Qb3 a5 19. bxa5 Rxa5 20. a4 b4 ({Black should try} 20... bxa4 $15 21. Nxa4 (21. Qxb7 $2 Rb8 $19) (21. Qb6 Raa8 $17) 21... Bc8) 21. Na2 Rxe2 22. Bf3 Re8 23. Nxb4 Rb8 {aiming for ...Ba6.} 24. Rc5 Raa8 25. Ra1 (25. Rb1 $11 {remains equal.}) 25... Nd7 $1 $17 {[%cal Rd7c5]} 26. Rc2 Ba6 {White must now prevent ...hxg3.} 27. Rb2 $1 Bc4 $36 {[%mdl 2048] Black is pushing.} 28. Qc3 c5 29. Nd3 $2 (29. Nc2 $11 {and White is okay.}) 29... Qf6 $19 30. Rxb8+ Rxb8 31. Bg4 $2 (31. Be2 {is tougher.} Rb3 32. Qd2) 31... cxd4 $2 (31... Rb3 $19 {and Black stays clearly on top.} 32. Qe1 Bxd3 33. Qe8+ Nf8) 32. Qd2 $17 Bxd3 33. Bxd7 (33. Qxd3 $17 Ne5 {[%mdl 64] Double Attack} 34. Qf5) 33... Be4 {( -> ...Qf3)} 34. Qf4 Qxf4 35. gxf4 {[%mdl 4096] Endgame KRB-KRB} d3 36. f3 (36. Kf1 $17) 36... Bxf3 $19 37. Kf2 Be4 38. Ke3 f5 {And now ...d4+! would win.} 39. Bb5 {[#]} Rc8 $1 40. a5 Rc5 41. Be8 (41. Bxd3 {is a better defense.} Rc3 42. Rd1) 41... Rc4 {Hoping for ...d4+.} 42. Ba4 $2 (42. Ra2 Kf8 43. Ba4) 42... d4+ 43. Kd2 Rb4 {Threatens to win with ...Rb2+.} 44. Ra2 Bd5 (44... Rb1 $142 45. Bd1 Bd5) 45. Ra1 (45. Ra3 $142 Bc4 46. Bc6) 45... Bc4 {Strongly threatening ...Rb2+.} 46. Kc1 {[#]} Ba6 $1 47. Bd1 {Accuracy: White = 25%, Black = 63%.} (47. Bd7 $142) 0-1

[Event "24th Barcelona Open-A 2019"]
[Site "Barcelona"]
[Date "2019.10.03"]
[Round "7.11"]
[White "Jimenez Ruano, Adrian"]
[Black "Edouard, Romain"]
[Result "0-1"]
[WhiteElo "2311"]
[BlackElo "2640"]
[Annotator "TA"]
[PlyCount "58"]
[EventDate "2019.09.27"]
[EventType "swiss"]
[EventCountry "ESP"]
[SourceTitle "playchess.com"]
[Source "ChessBase"]
[SourceQuality "1"]

{[%evp 11,58,114,112,125,126,87,96,16,109,101,95,79,81,13,37,25,14,-107,-83,-100,-48,-122,-102,-145,-125,-126,-110,-193,-190,-211,-225,-212,-239,-536,-531,-718,-715,-1135,-663,-656,-633,-2089,-2065,-29975,-29976,-29976,-29977,-29985,-29986]} 1. d4 e6 2. c4 b6 3. e4 Bb7 4. Bd3 f5 5. exf5 Bb4+ 6. Kf1 Nf6 7. h4 {A40: Unusual replies to 1 d4} (7. c5 bxc5 8. a3 c4 9. Bxc4 Ba5 10. fxe6 dxe6 11. Qa4+ c6 12. Nf3 Bb6 13. Be3 Nd5 14. Bg5 Qc7 15. Nc3 O-O 16. Re1 Nxc3 17. bxc3 c5 18. Rxe6 Kh8 19. Re7 Qc8 20. d5 Bd8 21. Re8 Nd7 22. Qxd7 {1-0 (22) Bacrot,E (2695)-Edouard,R (2626) chess.com INT 2017}) 7... Qe7 $146 ({Predecessor:} 7... O-O 8. Bg5 Nc6 9. Nf3 Ne7 10. c5 bxc5 11. a3 c4 12. Bxc4 Ba5 13. fxe6 dxe6 14. Bxe6+ Kh8 {0-1 (23) Goriatchkin,J (2325)-Repka,C (2491) Caleta 2019}) 8. h5 Nc6 9. Nf3 (9. a3 $16 Bd6 10. Ne2) 9... O-O-O (9... e5 $1 $11) 10. a3 $16 Bd6 11. Nc3 e5 12. Bg5 ({Better is} 12. Nd5 $16 Qf7 13. Nxf6 gxf6 14. d5) 12... Nxd4 $11 13. Be4 $1 c6 14. Qa4 ({Much weaker is} 14. Nxd4 exd4 15. Qxd4 Be5 $17) (14. h6 $11 {keeps the balance.}) 14... Kb8 $17 15. Re1 Qf7 (15... h6 $17 16. Be3 Rhe8 17. Nxd4 Nxe4) 16. Bxf6 ({White should play} 16. h6 $15) 16... Qxf6 17. Qd1 Bc7 18. Nxd4 exd4 19. Nb1 {[#]} (19. Ne2 $17 {keeps fighting.}) 19... g6 $1 $19 {[%mdl 512]} 20. Qf3 {[%cal Rf5g6]} (20. fxg6 hxg6) 20... gxf5 21. Qxf5 Qh6 22. g4 $2 (22. Bf3) 22... Rhf8 23. Qxh7 {[#]} Qf4 $1 {[%csl Gf8][%cal Rf4f2][%mdl 512]} 24. Bf5 Ba6 25. b3 d5 26. Kg2 Bc8 27. Re2 Bxf5 {Black mates.} 28. gxf5 Rxf5 29. Nd2 d3 {Accuracy: White = 25%, Black = 78%.} 0-1

[Event "24th Barcelona Open-A 2019"]
[Site "Barcelona"]
[Date "2019.10.03"]
[Round "7.12"]
[White "Song, Raymond"]
[Black "Serarols Mabras, Bernat"]
[Result "1/2-1/2"]
[WhiteElo "2456"]
[BlackElo "2333"]
[Annotator "TA"]
[PlyCount "72"]
[EventDate "2019.09.27"]
[EventType "swiss"]
[EventCountry "ESP"]
[SourceTitle "playchess.com"]
[Source "ChessBase"]
[SourceQuality "1"]

{[%evp 9,72,0,20,19,16,12,7,8,12,1,4,8,15,8,50,53,66,12,8,11,27,22,39,15,17,11,16,2,54,54,54,54,54,54,54,55,61,69,52,64,78,66,52,0,0,0,0,0,0,-38,-37,-40,0,0,0,0,0,0,0,0,0,0,0,0,0]} 1. Nf3 d5 2. d4 Nf6 3. c4 e6 4. g3 Bb4+ 5. Bd2 Bd6 (5... Be7 6. Bg2 O-O 7. O-O Nbd7 8. a4 a5 9. Qc2 c6 10. Na3 Ne4 11. Bf4 g5 12. Be3 f5 13. Rad1 Qe8 14. Qc1 h6 15. Ne5 Kh7 {½-½ (104) Nakamura,H (2743)-Karjakin,S (2750) Saint Louis 2019}) 6. Nc3 {E01: Catalan: Early deviations} O-O 7. Bg5 Be7 8. Bg2 Nbd7 9. Qd3 c6 10. O-O b6 11. cxd5 Nxd5 $146 ({Predecessor:} 11... cxd5 12. Rfc1 Bb7 {½-½ (47) Pogonina,N (2479)-Kashlinskaya,A (2427) Sochi 2017}) 12. Bxe7 Qxe7 13. Nxd5 ({White should try} 13. e4 $14 Nxc3 14. bxc3) 13... cxd5 $11 14. Rfc1 Nf6 15. Ne5 Bb7 16. Rc2 Rfc8 17. Rac1 Rxc2 18. Qxc2 Rc8 (18... Ne8 $11) 19. Qxc8+ $1 $14 Bxc8 20. Rxc8+ Ne8 21. e4 $1 g6 22. exd5 exd5 23. Bxd5 Kg7 24. Bxf7 Nf6 $1 25. Bb3 Qd6 26. g4 (26. Kg2 $14) 26... Qxd4 $11 {[%mdl 64] [#] Double Attack} 27. Rc7+ {[%mdl 64] Double Attack} Kh8 28. Nf7+ Kg7 29. g5 Nd5 30. Rxa7 b5 {[#] Strongly threatening ...Nf4.} 31. Rb7 {Hoping for Nh6+.The position is equal.} Qg4+ 32. Kf1 {White threatens Nh6+ and mate.} Ne3+ 33. Ke1 $1 {Nd6+ is the strong threat.} Ng2+ 34. Kf1 {Threatening mate with Nd6+.} Ne3+ 35. Ke1 $1 {aiming for Nd6+.} Ng2+ 36. Kf1 {White wants to mate with Nd6+.} Ne3+ {Accuracy: White = 66%, Black = 80%.} 1/2-1/2

[Event "24th Barcelona Open-A 2019"]
[Site "Barcelona"]
[Date "2019.10.03"]
[Round "7.13"]
[White "Cruz, Jonathan"]
[Black "Veinberg, Nimrod"]
[Result "1-0"]
[WhiteElo "2409"]
[BlackElo "2411"]
[Annotator "NA"]
[PlyCount "73"]
[EventDate "2019.09.27"]
[EventType "swiss"]
[EventCountry "ESP"]
[SourceTitle "playchess.com"]
[Source "ChessBase"]
[SourceQuality "1"]
[TimeControl "5400+30"]

1. e4 {[%emt 0:10:44]} e5 {[%emt 0:00:00]} 2. Nf3 {[%emt 0:00:21]} Nc6 {[%emt 0:00:00]} 3. Bc4 {[%emt 0:00:26]} Bc5 {[%emt 0:00:00]} 4. d3 {[%emt 0:00:27]} Nf6 {[%emt 0:00:09]} 5. Nbd2 {[%emt 0:00:29]} d6 {[%emt 0:01:05]} 6. c3 {[%emt 0:01:28]} O-O {[%emt 0:00:14]} 7. Nf1 {[%emt 0:04:11]} Ne7 {[%emt 0:07:34]} 8. Ng3 Ng6 {[%emt 0:00:13]} 9. O-O {[%emt 0:06:27]} h6 {[%emt 0:00:37]} 10. Be3 {[%emt 0:00:36]} Bb6 {[%emt 0:01:28]} 11. a4 {[%emt 0:00:26]} c6 {[%emt 0:00:22]} 12. Bb3 {[%emt 0:01:47]} Be6 {[%emt 0:04:58]} 13. Bc2 {[%emt 0:04:18]} d5 {[%emt 0:01:46]} 14. exd5 {[%emt 0:03:59]} Bxd5 15. Re1 {[%emt 0:12:14]} Re8 {[%emt 0:17:40]} 16. Nd2 {[%emt 0:07:37]} Be6 17. Nf3 {[%emt 0:07:34]} Bd5 {[%emt 0:06:09]} 18. Nd2 {[%emt 0:01:20]} Be6 {[%emt 0:11:13]} 19. Nf3 Qc7 {[%emt 0:07:03]} 20. d4 {[%emt 0:04:46]} Bg4 21. Bxg6 {[%emt 0:06:14]} exd4 {[%emt 0:06:36]} 22. Bxd4 Bxd4 {[%emt 0:09:15]} 23. Qxd4 {[%emt 0:07:48]} Bxf3 {[%emt 0:00:44]} 24. Bc2 Bg4 {[%emt 0:02:55]} 25. Rxe8+ {[%emt 0:04:59]} Rxe8 {[%emt 0:00:03]} 26. Qxa7 {[%emt 0:00:22]} c5 {[%emt 0:00:33]} 27. a5 g6 28. a6 {[%emt 0:04:58]} Bc8 {[%emt 0:07:41]} 29. b4 Qc6 30. bxc5 {[%emt 0:05:20]} Qd5 {[%emt 0:09:14]} 31. Ba4 Rd8 {[%emt 0:05:07]} 32. Qb6 {[%emt 0:03:25]} Ng4 {[%emt 0:01:41]} 33. a7 {[%emt 0:02:12]} Be6 34. c6 {[%emt 0:00:58]} bxc6 {[%emt 0:01:42]} 35. Bxc6 Qd1+ {[%emt 0:00:12]} 36. Nf1 {[%emt 0:01:15]} Bc4 {[%emt 0:01:09]} 37. Qxd8+ {[%emt 0:00:13]} 1-0

[Event "24th Barcelona Open-A 2019"]
[Site "Barcelona"]
[Date "2019.10.03"]
[Round "7.14"]
[White "Herraiz Hidalgo, Herminio"]
[Black "Purnama, Tirta Chandra"]
[Result "1/2-1/2"]
[WhiteElo "2410"]
[BlackElo "2300"]
[Annotator "TA"]
[PlyCount "39"]
[EventDate "2019.09.27"]
[EventType "swiss"]
[EventCountry "ESP"]
[SourceTitle "playchess.com"]
[Source "ChessBase"]
[SourceQuality "1"]

{[%evp 16,39,52,47,56,51,61,49,65,64,100,100,107,115,123,132,134,103,95,0,0,0,0,-8,52,26]} 1. d4 Nf6 2. c4 g6 3. Nc3 Bg7 4. e4 d6 5. Be2 O-O 6. Nf3 Na6 7. O-O e5 8. Re1 c6 9. d5 Nc5 {E94: King's Indian: Classical: 6 Be2 e5 7 0-0: Various Black 7th moves} 10. Qc2 a5 (10... Qb6 11. h3 cxd5 12. cxd5 Bd7 13. Be3 Rfc8 14. Rac1 Qd8 15. Qb1 a5 16. Nd2 Nh5 17. Nc4 {½-½ (40) Karjakin,S (2752)-Carlsen,M (2861) Cupar 2019}) 11. Bg5 h6 12. Be3 cxd5 13. cxd5 b6 {[#]} 14. Nd2 $1 Ng4 $146 {[#]} ({Predecessor:} 14... Bd7 15. Bb5 Rb8 16. a4 Nh5 17. Bxc5 bxc5 18. Bxd7 Qxd7 {1-0 (34) Gerzhoy,L (2462)-Kiewra,K (2422) Ottawa 2013}) 15. Bxg4 $1 Bxg4 16. a3 a4 17. b4 (17. Bxc5 $16 {aiming for Bb4.} bxc5 18. Nxa4) 17... axb3 $1 $11 18. Nxb3 Bd7 19. Reb1 f5 ({Black should play} 19... Na4 $11) 20. Nd2 {Accuracy: White = 74%, Black = 50%.} 1/2-1/2